000 02302nas1a22002891i 4500
001 RU\NLR\Per\1206793
005 20241103022604.0
035 _a(NLR Aleph) 011084691
090 _a11339513
_c11339513
100 _a20160311a20139999|||y0rusy50 ca
101 0 _arus
102 _aRU
110 _azu|||||||||
200 1 _aАктуальные проблемы публичного права
_eсборник научных трудов
_fВладимир. гос. ун-т им. Александра Григорьевича и Николая Григорьевича Столетовых, Каф. "Уголов.-правовые дисциплины"
210 _aВладимир
_cШерлок-пресс
_d2015 -
300 _aВ надзаг. также: М-во образования и науки Рос. Федерации
606 _aПубличное право
_jПериодические издания
_91999493
_3RU\NLR\AUTH\66918723
686 1 _aХ62я54
686 1 _aХ8я54
712 0 2 _4570
_aВладимирский государственный университет им. А. Г. и Н. Г. Столетовых
_bКафедра уголовно-правовых дисциплин
_9422719
_3RU\NLR\AUTH\880378198
852 _aNLR
_jП22/9830
942 _cCOLLECTION
980 _aRUSPER